| 000 | 00636nam a2200205 a 4500 | ||
|---|---|---|---|
| 001 | BRCA_515 | ||
| 005 | 20190320203037.0 | ||
| 008 | 780307s1987 enkf---###---#000-0#eng-# | ||
| 020 | _a1851701443 | ||
| 040 |
_aDLC _cTU _dDLC |
||
| 050 | 4 |
_aNK2530 _b.S96 1987 |
|
| 100 | 1 |
_aSymonds, Robert Wemyss _d1889-1958 _91769 |
|
| 245 | 1 | 0 |
_aVictorian Furniture _cby R. W. Symonds and B. B. Whineray. |
| 260 |
_aLondres _bStudio Editions _c1987 |
||
| 300 |
_a215 p. _bil., láminas _c29 cm. |
||
| 500 | _aIncluye índice alfabético | ||
| 650 | 1 | 4 |
_aMuebles victorianos _ySiglo XIX _zInglaterra _91770 |
| 700 | 1 |
_aWhineray, B. B _91771 |
|
| 942 |
_2lcc _cB |
||
| 999 |
_c447 _d447 |
||